000 00230nam a22000857a 4500
008 160816b xxu||||| |||| 00| 0 eng d
100 _9149
_a Kaur, V
245 _aHow to make Portraits
260 _aNew Delhi
_bDreamland publication
_c2000
999 _c2805
_d2805